Prácticas profesionales y la formación en competencias para la empleabilidad (Record no. 201480)

MARC details
000 -CABECERA
campo de control de longitud fija 02522nab a2200301 a 4500
005 - FECHA Y HORA DE LA ÚLTIMA TRANSACCIÓN
campo de control 20240530063803.0
008 - ELEMENTOS DE LONGITUD FIJA--INFORMACIÓN GENERAL
campo de control de longitud fija 991125c2019 sp fr p o 000 0 spa d
035 ## - NÚMERO DE CONTROL DEL SISTEMA
Número de control de sistema UPN01000229385
040 ## - FUENTE DE LA CATALOGACIÓN
Centro catalogador/agencia de origen MX-MxUPN
Lengua de catalogación spa
Centro/agencia transcriptor MX-MxUPN
Normas de descripción aacr2
049 ## - COLECCIÓN
Colección ART-E
100 1# - ASIENTO PRINCIPAL--NOMBRE PERSONAL
Nombre de persona Ruiz Corbella, Marta
Enlace - mruiz@edu.uned.es
100 1# - ASIENTO PRINCIPAL--NOMBRE PERSONAL
Nombre de persona Bautista Cerro Ruiz, Maria José
100 1# - ASIENTO PRINCIPAL--NOMBRE PERSONAL
Nombre de persona García Blanco, Miriam
245 10 - MENCIÓN DE TÍTULO
Título Prácticas profesionales y la formación en competencias para la empleabilidad
Medio [recurso electrónico en línea]
506 0# - NOTA DE RESTRICCIONES AL ACCESO
Limitaciones de acceso Acceso abierto
520 3# - NOTA DE RESUMEN, ETC.
Sumario, etc. En el diseño de los títulos universitarios uno de los puntos fundamentales que avalan su viabilidad es la empleabilidad de sus egresados. Garantizar la inserción en el mercado de trabajo es un objetivo clave promovido desde diferentes organismos, lo que conlleva que en las instituciones universitarias se impulsen iniciativas dirigidas a su logro. Ahora, esta empleabilidad no se logrará sin el aprendizaje de las competencias específicas y genéricas de cada título de Grado que avalen el diseño de su propio proyecto profesional, lo que facilitará aprender a afrontar su paso a la vida laboral con garantía de éxito. Con este objetivo la asignatura Prácticas Profesionales V del Grado en Educación Social de la UNED desarrolla una experiencia de innovación docente dirigida a saber elaborar un Proyecto Profesional propio. La indagación y recopilación de información, el análisis de la misma, la toma de decisiones fundamentadas y la propuesta de este proyecto aportan los elementos clave para gestionar su empleabilidad. Los resultados de esta experiencia se recogen con una metodología longitudinal “ex post-facto” a través de las calificaciones recibidas y los cuestionarios de satisfacción de los estudiantes. La experiencia a lo largo de 5 cursos académicos avala la formación de nuestros estudiantes en competencias para el empleo, a la vez que su alto grado de satisfacción ante esta formación.
650 #4 - ASIENTO SECUNDARIO DE MATERIA - TERMINO TEMATICO
Término de materia o nombre geográfico como elemento de entrada Educación superior
9 (RLIN) 32
650 #2 - ASIENTO SECUNDARIO DE MATERIA - TERMINO TEMATICO
9 (RLIN) 17151
Término de materia o nombre geográfico como elemento de entrada Empleo
653 0# - TERMINO DE INDIZACION - NO CONTROLADO
Término no controlado Practicas profesionales
653 0# - TERMINO DE INDIZACION - NO CONTROLADO
Término no controlado Proyecto profesional
653 0# - TERMINO DE INDIZACION - NO CONTROLADO
Término no controlado Inserción laboral
773 ## - ENLACE AL DOCUMENTO FUENTE/ENTRADA DE REGISTRO ANFITRIÓN
Parte(s) relacionada(s) No. 23 (2019), p. 65-82
Título Contextos educativos : revista de educación
Número Internacional Normalizado para Publicaciones Seriadas 1695-5714
856 40 - LOCALIZACIÓN Y ACCESO ELECTRÓNICOS
Identificador Uniforme del Recurso <a href="https://publicaciones.unirioja.es/ojs/index.php/contextos/article/view/3560/3441">https://publicaciones.unirioja.es/ojs/index.php/contextos/article/view/3560/3441</a>
856 40 - LOCALIZACIÓN Y ACCESO ELECTRÓNICOS
Identificador Uniforme del Recurso <a href="http://doi.org/10.18172/con.3560">http://doi.org/10.18172/con.3560</a>
902 ## - ELEMENTOS DE DATOS B LOCAL, LDB (RLIN)
Creó Gloria Jiménez
Modificó Gloria Jiménez/220523
905 ## - TIPO DE MATERIAL
Tipo de material Articulo
942 ## - ELEMENTOS DE PUNTO DE ACCESO ADICIONAL (KOHA)
Tipo de ítem Koha Artículo Electrónico
Holdings
Estado de retiro Estado de pérdida Estado dañado No para préstamo Código de colección Localización permanente Ubicación/localización actual Ubicación en estantería Fecha de adquisición Total de préstamos Fecha visto por última vez Identificador Uniforme del Recurso Precio válido a partir de Tipo de ítem Koha
        Acceso abierto Bib. Gregorio Torres Quintero Bib. Gregorio Torres Quintero En línea 22/05/2023   22/05/2023 https://publicaciones.unirioja.es/ojs/index.php/contextos/article/view/3560/3441 22/05/2023 Artículo Electrónico